[Event "Olomouc IM1 23rd"]
[Site "Olomouc"]
[Date "2022.08.15"]
[Round "4"]
[White "Stinka, Jakub"]
[Black "Kukelko, Alexey"]
[Result "1/2-1/2"]
[WhiteElo "2329"]
[BlackElo "2260"]
[PlyCount "98"]
[EventDate "2022.08.13"]
[EventType "tourn"]
[EventRounds "9"]
[EventCountry "CZE"]
[EventCategory "1"]
[SourceTitle "CBM 209 Extra"]
[Source "ChessBase"]
[SourceDate "2022.09.30"]
[SourceVersion "1"]
[SourceVersionDate "2022.09.30"]
[SourceQuality "1"]

1. d4 Nf6 2. Nf3 e6 3. c4 b6 4. a3 Bb7 5. Nc3 d5 6. cxd5 Nxd5 7. e3 Be7 8. Bb5+ c6 9. Bd3 0-0 10. Qc2 h6 11. 0-0 Nxc3 12. bxc3 c5 13. e4 Qc7 14. Qe2 Rd8 15. Bb2 Nd7 16. Nd2 Bg5 17. Rad1 Rac8 18. g3 Bxd2 19. Rxd2 Qc6 20. d5 exd5 21. exd5 Qd6 22. c4 Re8 23. Qg4 Ne5 24. Qf4 Qe7 25. Bf5 Rcd8 26. Rdd1 Qf6 27. Ba1 Bc8 28. Bxc8 Rxc8 29. Qxf6 gxf6 30. Bxe5 Rxe5 31. Rfe1 Kf8 32. f4 Rxe1+ 33. Rxe1 Rb8 34. a4 a6 35. Rb1 Ke7 36. Kf2 Kd6 37. Ke3 f5 38. Kd3 b5 39. axb5 axb5 40. Rxb5 Rxb5 41. cxb5 Kxd5 42. Kc3 f6 43. h3 h5 44. h4 Ke6 45. Kc4 Kd6 46. b6 Kc6 47. b7 Kxb7 48. Kxc5 Kc7 49. Kd5 Kd7 1/2-1/2

[Event "Olomouc IM1 23rd"]
[Site "Olomouc"]
[Date "2022.08.14"]
[Round "3"]
[White "Stinka, Jakub"]
[Black "Jurek, Josef"]
[Result "1/2-1/2"]
[WhiteElo "2329"]
[BlackElo "2212"]
[PlyCount "72"]
[EventDate "2022.08.13"]
[EventType "tourn"]
[EventRounds "9"]
[EventCountry "CZE"]
[EventCategory "1"]
[SourceTitle "CBM 209 Extra"]
[Source "ChessBase"]
[SourceDate "2022.09.30"]
[SourceVersion "1"]
[SourceVersionDate "2022.09.30"]
[SourceQuality "1"]

1. d4 Nf6 2. Nf3 e6 3. c4 b6 4. a3 Ba6 5. Qc2 c5 6. d5 exd5 7. cxd5 g6 8. Nc3 Bg7 9. g3 0-0 10. Bg2 d6 11. 0-0 Nbd7 12. Re1 b5 13. h3 Qb6 14. e4 Rfe8 15. Be3 Bb7 16. Nd2 a6 17. a4 b4 18. a5 Qc7 19. Ncb1 Ne5 20. f4 Ned7 21. Nc4 Nh5 22. g4 Nhf6 23. Nbd2 h6 24. Rad1 Rad8 25. Nb3 Nh7 26. Bf2 g5 27. Bg3 gxf4 28. Bxf4 Ne5 29. Nbd2 Nf8 30. Nxe5 Bxe5 31. Bxh6 Bd4+ 32. Kh1 Ng6 33. Nc4 Qe7 34. Qd2 Bc8 35. Rf1 Bxg4 36. Rde1 Bd7 1/2-1/2

[Event "Pardubice Czech op-A 33rd"]
[Site "Pardubice"]
[Date "2022.07.26"]
[Round "5"]
[White "Delgerdalai, Bayarjavkhlan"]
[Black "Stinka, Jakub"]
[Result "1/2-1/2"]
[WhiteElo "2209"]
[BlackElo "2335"]
[PlyCount "37"]
[EventDate "2022.07.22"]
[EventType "swiss"]
[EventRounds "9"]
[EventCountry "CZE"]
[SourceTitle "CBM 209 Extra"]
[Source "ChessBase"]
[SourceDate "2022.09.30"]
[SourceVersion "1"]
[SourceVersionDate "2022.09.30"]
[SourceQuality "1"]

1. e4 c5 2. Nf3 d6 3. d4 cxd4 4. Nxd4 Nf6 5. Nc3 Nc6 6. Bg5 Bd7 7. Qd2 Rc8 8. 0-0-0 Nxd4 9. Qxd4 Qa5 10. Bxf6 gxf6 11. Kb1 Bg7 12. f4 Qc5 13. Qd3 f5 14. e5 0-0 15. Be2 Be6 16. exd6 Rfd8 17. Qb5 exd6 18. Qxc5 dxc5 19. Bf3 1/2-1/2

[Event "Pardubice Czech op-A 33rd"]
[Site "Pardubice"]
[Date "2022.07.23"]
[Round "2"]
[White "Stinka, Jakub"]
[Black "Jonsson, Gauti Pall"]
[Result "0-1"]
[WhiteElo "2335"]
[BlackElo "2071"]
[PlyCount "70"]
[EventDate "2022.07.22"]
[EventType "swiss"]
[EventRounds "9"]
[EventCountry "CZE"]
[SourceTitle "CBM 209 Extra"]
[Source "ChessBase"]
[SourceDate "2022.09.30"]
[SourceVersion "1"]
[SourceVersionDate "2022.09.30"]
[SourceQuality "1"]

1. d4 Nf6 2. c4 g6 3. Nc3 Bg7 4. e4 d6 5. h3 0-0 6. Bg5 a6 7. Nf3 c5 8. dxc5 dxc5 9. Qxd8 Rxd8 10. e5 Nfd7 11. 0-0-0 Nc6 12. Nd5 Kf8 13. Re1 h6 14. Bh4 g5 15. Bg3 e6 16. Nc3 Nd4 17. Nxd4 cxd4 18. Ne4 Nxe5 19. Nxg5 d3 20. Ne4 Nxc4 21. Rd1 Nxb2 22. Rd2 f5 23. Nc5 Bc3 24. Bf4 Bxd2+ 25. Bxd2 Nc4 26. Bxh6+ Kf7 27. Nxd3 Bd7 28. Be2 Kg6 29. Bf4 Rac8 30. Kb1 Ba4 31. Re1 Rd5 32. Bc1 e5 33. g4 f4 34. Bf3 Rb5+ 35. Ka1 Bc2 0-1

[Event "Pardubice Czech op-E 33rd"]
[Site "Pardubice"]
[Date "2022.07.16"]
[Round "4.1"]
[White "Svoboda, Vaclav"]
[Black "Stinka, Jakub"]
[Result "1/2-1/2"]
[WhiteElo "2397"]
[BlackElo "2335"]
[PlyCount "97"]
[EventDate "2022.07.14"]
[EventType "team-swiss"]
[EventRounds "7"]
[EventCountry "CZE"]
[SourceTitle "CBM 209 Extra"]
[Source "ChessBase"]
[SourceDate "2022.09.30"]
[SourceVersion "1"]
[SourceVersionDate "2022.09.30"]
[SourceQuality "1"]
[WhiteTeam "Praha Oaza"]
[BlackTeam "Rotujici Kedluben"]
[WhiteTeamCountry "CZE"]
[BlackTeamCountry "CZE"]

1. e4 e5 2. Nf3 Nc6 3. Bb5 a6 4. Ba4 Nf6 5. Qe2 b5 6. Bb3 Bc5 7. c3 d6 8. 0-0 0-0 9. Rd1 Bb6 10. h3 Na5 11. Bc2 c5 12. d4 cxd4 13. cxd4 exd4 14. Nxd4 h6 15. Bf4 Qe7 16. Nf3 Nc4 17. a4 Bd7 18. Nc3 Bc5 19. Rab1 Rac8 20. Bd3 Rfe8 21. axb5 axb5 22. Rbc1 b4 23. Nb1 Ne5 24. Nxe5 dxe5 25. Be3 Ba4 26. Re1 Red8 27. Ba6 Rc7 28. Bxc5 Rxc5 29. Nd2 Rxc1 30. Rxc1 Qd6 31. Nf3 Bd1 32. Qc4 Bxf3 33. gxf3 Nh5 34. Qc7 Nf4 35. Qxd6 Rxd6 36. Rc8+ Kh7 37. Bc4 Rd1+ 38. Kh2 Rd2 39. Kg3 Rxb2 40. Bxf7 g5 41. Rb8 Ne2+ 42. Kg4 Nd4 43. Kh5 Kg7 44. Bd5 Rxf2 45. Rxb4 Rxf3 46. Rb7+ Kf8 47. Kxh6 Rxh3+ 48. Kxg5 Rf3 49. Kg6 1/2-1/2

[Event "Budapest FS07 GM"]
[Site "Budapest"]
[Date "2022.07.06"]
[Round "5"]
[White "Stinka, Jakub"]
[Black "Velikanov, Alexander"]
[Result "0-1"]
[WhiteElo "2335"]
[BlackElo "2337"]
[PlyCount "80"]
[EventDate "2022.07.02"]
[EventType "tourn"]
[EventRounds "9"]
[EventCountry "HUN"]
[EventCategory "6"]
[SourceTitle "EXT 2023"]
[Source "ChessBase"]
[SourceDate "2022.10.05"]
[SourceVersion "1"]
[SourceVersionDate "2022.10.05"]
[SourceQuality "1"]

1. d4 Nf6 2. Nf3 c5 3. d5 a6 4. a4 e6 5. c4 Qe7 6. Nc3 exd5 7. cxd5 d6 8. g3 g6 9. Bg2 Bg7 10. 0-0 0-0 11. Nd2 Nbd7 12. Nc4 Rb8 13. Bf4 Ne8 14. a5 Ne5 15. Nb6 Nc7 16. Nca4 Nb5 17. Rc1 f5 18. h4 h6 19. Qd2 Nd4 20. Qe3 Re8 21. Kh1 Qf8 22. Nc3 Nf7 23. Qd3 g5 24. hxg5 hxg5 25. Bd2 Ne5 26. Qb1 f4 27. Nxc8 Rbxc8 28. Ne4 Bf6 29. Rfe1 Rc7 30. Rc3 Rh7+ 31. Kg1 Bd8 32. gxf4 gxf4 33. Rh3 Ree7 34. f3 Rxh3 35. Bxh3 Qh6 36. Nf2 Rg7+ 37. Bg4 Bh4 38. Qe4 Bxf2+ 39. Kxf2 Qh2+ 40. Kf1 Qh1+ 0-1

[Event "CZE-ch"]
[Site "Usti nad Labem"]
[Date "2022.05.16"]
[Round "3"]
[White "Buchcar, Tomas"]
[Black "Stinka, Jakub"]
[Result "1-0"]
[WhiteElo "2183"]
[BlackElo "2345"]
[PlyCount "127"]
[EventDate "2022.05.14"]
[EventType "swiss"]
[EventRounds "9"]
[EventCountry "CZE"]
[SourceTitle "CBM 208 Extra"]
[Source "ChessBase"]
[SourceDate "2022.07.31"]
[SourceVersion "1"]
[SourceVersionDate "2022.07.31"]
[SourceQuality "1"]

1. e4 c5 2. Nc3 Nc6 3. Bb5 e6 4. Bxc6 bxc6 5. d3 Ne7 6. Be3 Ng6 7. b3 e5 8. Na4 d6 9. c4 Be7 10. Qd2 0-0 11. Ne2 Nh4 12. Rg1 f5 13. f4 Ng6 14. g3 exf4 15. gxf4 Bh4+ 16. Kd1 Bf6 17. Nac3 Be6 18. Kc2 a5 19. a4 Qb6 20. Rab1 Rab8 21. exf5 Bxf5 22. Ne4 Rbd8 23. Nxf6+ Rxf6 24. Ng3 d5 25. Nxf5 Rxf5 26. Rg5 Rdf8 27. Rxf5 Rxf5 28. Qf2 Qb8 29. Bxc5 Rxf4 30. Qg3 Qc8 31. Bd6 Rg4 32. Qf2 Qd7 33. Rf1 h6 34. Bg3 h5 35. Qf5 Qxf5 36. Rxf5 h4 37. Bd6 d4 38. b4 Rg2+ 39. Kb3 Rd2 40. Rf3 axb4 41. a5 Rd1 42. Kxb4 Ra1 43. Kc5 Rxa5+ 44. Kxc6 Ne5+ 45. Bxe5 Rxe5 46. Kd6 Re2 47. c5 Rxh2 48. c6 Rc2 49. c7 Kh7 50. Rf8 Kg6 51. c8Q Rxc8 52. Rxc8 Kf5 53. Rf8+ Kg4 54. Ke5 g5 55. Kxd4 Kg3 56. Ke3 g4 57. d4 h3 58. d5 Kh2 59. d6 g3 60. d7 g2 61. Rf2 Kh1 62. d8Q h2 63. Qg5 g1Q 64. Qd5+ 1-0